| 000 | 00000nam##2200000za#4500 |
| 001 | 9.614394 |
| 003 | CaOODSP |
| 005 | 20210927150304 |
| 007 | ta |
| 008 | 150406|1998||||xxc||||| f|0| 0 eng|d |
| 020 | |a0-662-26856-3 |
| 040 | |aCaOODSP|beng |
| 043 | |an-cn--- |
| 086 | 1 |aR41-5/1998E |
| 110 | 1 |aCanada. |bIndian and Northern Affairs Canada. |
| 245 | 10|aFirst Nations music in Canada |
| 260 | |bIndian and Northern Affairs |c1998. |
| 300 | |a4p. ; |c28 cm. |
| 490 | 1 |aInformation |
| 520 | 3 |aThese upbeat, plain-language pamphlets take a light-handed look at Aboriginal lifestyles, culture, heritage, and history. Targeting a young audience, they occasionally include Web site addresses or suggest ideas for student activities. |
| 563 | |aPamphlet |
| 590 | |a98-45|b1998-11-06 |
| 776 | 0#|tFirst Nations music in Canada |w(CaOODSP)9.575008 |
| 830 | #0|aInformation.|w(CaOODSP)9.514866 |
| 986 | |aQS-6120-007-EE-A1 |